| 000 | 00466 a2200169 4500 | ||
|---|---|---|---|
| 005 | 20250711093619.0 | ||
| 020 | _a978-473-74931-3 | ||
| 082 | _a657.45 MIL | ||
| 100 | _aMILLICHAMP, A | ||
| 245 | _aAuditing | ||
| 250 | _a11th Ed . | ||
| 260 |
_aLondon, _bCengage Learning EMEA, _c2018 |
||
| 300 |
_axviii, 530p.: ill.; figure, _bglossary & index, _c24cm. |
||
| 700 | _aTAYLOR, J | ||
| 856 |
_yAccess Online Book _fAuditing _dwww.cengage.co.uk |
||
| 942 |
_2ddc _cBKS |
||
| 999 |
_c6663 _d6663 |
||